000 02114nam a2200373 a 4500
001 ebr10516620
003 CaPaEBR
006 m u
007 cr cn|||||||||
008 091022s2010 vauad sb 001 0 eng d
010 _z 2009040734
020 _z1600867324
020 _z9781600867323
020 _z9781600867330 (e-book)
040 _aCaPaEBR
_cCaPaEBR
035 _a(OCoLC)746793555
050 1 4 _aTL589.4
_b.B46 2010eb
082 0 4 _a629.132/6
_222
100 1 _aBen-Asher, Joseph Z.,
_d1955-
245 1 0 _aOptimal control theory with aerospace applications
_h[electronic resource] /
_cJoseph Z. Ben-Asher.
260 _aReston, Va. :
_bAmerican Institute of Aeronautics and Astronautics, Inc.,
_cc2010.
300 _axvii, 262 p. :
_bill.
490 1 _aAIAA education series
504 _aIncludes bibliographical references and index.
505 0 _aHistorical background -- Ordinary minimum problems : from the beginning of calculus to Kuhn-Tucker -- Calculus of variations : from Bernoulli to Bliss -- Minimum principle of Pontryagin and Hestenes -- Application of the Jacobi test in optimal control and neighboring extremals -- Numerical techniques for the optimal control problem -- Singular perturbation technique and its application to air-to-space interception -- Application to aircraft performance : Rutowski and Kaiser's techniques and more -- Application to rocket performance : the Goddard problem -- Application to missile guidance : proportional navigation -- Application to time-optimal rotational maneuvers of flexible spacecraft.
533 _aElectronic reproduction.
_bPalo Alto, Calif. :
_cebrary,
_d2013.
_nAvailable via World Wide Web.
_nAccess may be limited to ebrary affiliated libraries.
650 0 _aAutomatic pilot (Airplanes)
650 0 _aFlight control.
650 0 _aGuided missiles
_xControl systems.
655 7 _aElectronic books.
_2local
710 2 _aebrary, Inc.
830 0 _aAIAA education series.
856 4 0 _uhttp://site.ebrary.com/lib/rucke/Doc?id=10516620
_zAn electronic book accessible through the World Wide Web; click to view
999 _c121153
_d121153